书目信息 |
| 题名: |
武汉会战
|
|
| 作者: | 赵子立 , 薛岳 著 | |
| 分册: | ||
| 出版信息: | 北京 中国文史出版社 2015.05 |
|
| 页数: | 397页 | |
| 开本: | 24cm | |
| 丛书名: | 正面战场 | |
| 单 册: | ||
| 中图分类: | K265.210.6 | |
| 科图分类: | ||
| 主题词: | 武汉会战--wu han hui zhan--史料 | |
| 电子资源: | ||
| ISBN: | 978-7-5034-6308-2 | |
| 000 | 00962nam 2200265 450 | |
| 001 | CAL 0120151569470 | |
| 005 | 20150901174627.34 | |
| 010 | @a978-7-5034-6308-2@dCNY49.80 | |
| 100 | @a20150519d2015 em y0chiy50 ea | |
| 101 | 0 | @achi |
| 102 | @aCN@b110000 | |
| 105 | @ay z 000yy | |
| 200 | 1 | @a武汉会战@Awu han hui zhan@f薛岳, 赵子立等著 |
| 210 | @a北京@c中国文史出版社@d2015.05 | |
| 215 | @a397页@d24cm | |
| 225 | 2 | @a正面战场@Azheng mian zhan chang@e原国民党将领抗日战争亲历记 |
| 330 | @a本书主要内容包括: 武汉保卫战、以全力保卫大武汉、武汉会战时期的军事船舶运输、长江下游布雷战、南浔会战、武汉会战及赣北之役、德安马回岭激战经过、万家岭战役等。 | |
| 410 | 0 | @12001 @a正面战场 (原国民党将领抗日战争亲历记) |
| 606 | 0 | @a武汉会战@Awu han hui zhan@x史料 |
| 690 | @aK265.210.6@v5 | |
| 701 | 0 | @a赵子立@Azhao zi li@4著 |
| 701 | 0 | @a薛岳@Axue yue@4著 |
| 801 | 0 | @aCN@b人天书店@c20150901 |
| 905 | @aZUCC@dK265.210.6@eX970-5@f2 | |
| 962 | @a5513150 | |
| 武汉会战/薛岳, 赵子立等著.-北京:中国文史出版社,2015.05 |
| 397页;24cm.-(正面战场:原国民党将领抗日战争亲历记) |
| ISBN 978-7-5034-6308-2:CNY49.80 |
| 本书主要内容包括: 武汉保卫战、以全力保卫大武汉、武汉会战时期的军事船舶运输、长江下游布雷战、南浔会战、武汉会战及赣北之役、德安马回岭激战经过、万家岭战役等。 |
| ● |
| 相关链接 |
|
|
|
正题名:武汉会战
索取号:K265.210.6/X970-5
 
预约/预借
| 序号 | 登录号 | 条形码 | 馆藏地/架位号 | 状态 | 备注 |
| 1 | 1158887 | 211588879 | 社科库309/309社科库 36排6列4层/ [索取号:K265.210.6/X970-5] | 在馆 | |
| 2 | 1158888 | 211588888 | 社科库309/309社科库 36排6列4层/ [索取号:K265.210.6/X970-5] | 在馆 |